000 00609 a2200205 4500
999 _c8682
_d8682
020 _a25184334
050 _aLB 1027.3 Z56 DZI 2016
100 _aDzimbahwe
110 _aGreat Zimbabwe University
245 _aDzimbabwe Journal of Multidisciplanary Research
264 _aMasvingo
_bGreat Zimbabwe University
_c2016
300 _aii, 143
_bill.
500 _aIncludes references
650 _aMultidisplinary Research
651 _aZimbabwe
700 _aReggis Chireshe
_eEditor
700 _aPesanayi Gwirai
700 _aPilot Mudhovozi
_eDeputy Editor
942 _2lcc
_cJOURNALS
_h1027030Z56
_iDZI
_kLB